LEADER 00993nam0-2200337---450- 001 990008495610403321 005 20070720081602.0 010 $a0-675-21162-X 035 $a000849561 035 $aFED01000849561 035 $a(Aleph)000849561FED01 035 $a000849561 100 $a20070330d1992----km-y0itay50------ba 101 0 $aeng 102 $aUS 105 $aa-------001yy 200 1 $aApplied electronic instrumentation and measurement$fDavid Buchla, Wayne McLachlan 210 $aNew York$cMacMillan Publishing company$dc 1992 215 $aXVIII, 830 p.$cill.$d23 cm 610 0 $aStrumentazioni elettroniche 610 0 $aMisure 676 $a621.381 700 1$aBuchla,$bDavid$0302593 701 1$aMcLachlan,$bWayne$0302594 801 0$aIT$bUNINA$gRICA$2UNIMARC 901 $aBK 912 $a990008495610403321 952 $a10 E I 373$bDEE 1815$fDINEL 959 $aDINEL 996 $aApplied electronic instrumentation and measurement$9731524 997 $aUNINA LEADER 01828nam 2200529I 450 001 9910702698503321 005 20140911155938.0 035 $a(CKB)5470000002429199 035 $a(OCoLC)890407860 035 $a(EXLCZ)995470000002429199 100 $a20140911j198309 ua 0 101 0 $aeng 135 $aurbn||||||||| 181 $ctxt$2rdacontent 182 $cc$2rdamedia 183 $acr$2rdacarrier 200 10$aStudy plasma interactions in the auroral ionosphere /$fHugh R. Anderson ; prepared for R.A. Wolf, principal investigator 210 1$aBellevue, Washington :$cScience Applications, Inc. ;$aWallops Island, VA :$cNASA GSFC/WFC,$dSeptember 1983. 215 $a1 online resource (16 unnumbered pages) 225 1 $aNASA-CR ;$v175352 300 $aTitle from title screen (viewed on Sept. 11, 2014). 300 $a"September 1983." 320 $aIncludes bibliographical references (pages [14-15]). 606 $aAuroral arcs$2nasat 606 $aPlasma interactions$2nasat 606 $aSpectrum analysis$2nasat 606 $aElectro-optics$2nasat 606 $aEnergetic particles$2nasat 606 $aPower spectra$2nasat 615 7$aAuroral arcs. 615 7$aPlasma interactions. 615 7$aSpectrum analysis. 615 7$aElectro-optics. 615 7$aEnergetic particles. 615 7$aPower spectra. 700 $aAnderson$b Hugh R.$01386212 701 $aWolf$b R. A$01386213 712 02$aScience Applications, inc., 712 02$aRice University.$bSpace Physics and Astronomy Department, 712 02$aGoddard Space Flight Center, 712 02$aWallops Flight Center, 801 0$bGPO 801 1$bGPO 906 $aBOOK 912 $a9910702698503321 996 $aStudy plasma interactions in the auroral ionosphere$93434952 997 $aUNINA